Den allersüssesten und kräfftigsten Trost der Gläubigen bey ihrem Abschiede aus der Welt, bey Beerdigung der weyland wohlgebohrnen Frauen Obristin Frauen Anna von Schlippenbach gebohrne von Wieburg, als dieselbe, nachdem sie dieses Zeitliche mit dem Ewigen durch einem sanfften Todt den 1. September des 1735ten Jahres abens um 8. Uhr verwechselt, den 5ten darauf bey hochansehnlicher Versammlung zu ihrer Ruhe-Städte auf den alter Kirch-Hoff gebracht worden, aus dem von der verstorbenen selbst erwehlten Leichen-Taxte Apoc. 7. v. 14, 15, 16, 17 (Запись № 10373726)

Подробности
000 -МАРКЕР
контрольное поле 01648nam0a22003131 4500
001 - ИДЕНТИФИКАТОР ЗАПИСИ
контрольное поле RU\NLR\A2\4612
005 - ИДЕНТИФИКАТОР ВЕРСИИ
контрольное поле 20251203171251.9
035 ## - ДРУГИЕ СИСТЕМНЫЕ НОМЕРА
Идентификатор записи (NLR Aleph) 009858132
100 ## - ДАННЫЕ ОБЩЕЙ ОБРАБОТКИ
Данные общей обработки 19970205d1735 u y0rusy50 ca
101 0# - ЯЗЫК РЕСУРСА
Язык текста, звукозаписи и т.д. немецкий
102 ## - СТРАНА ПУБЛИКАЦИИ ИЛИ ПРОИЗВОДСТВА
Страна публикации российская федерация
200 1# - ЗАГЛАВИЕ И СВЕДЕНИЯ ОБ ОТВЕТСТВЕННОСТИ
Основное заглавие Den allersüssesten und kräfftigsten Trost der Gläubigen bey ihrem Abschiede aus der Welt, bey Beerdigung der weyland wohlgebohrnen Frauen Obristin Frauen Anna von Schlippenbach gebohrne von Wieburg, als dieselbe, nachdem sie dieses Zeitliche mit dem Ewigen durch einem sanfften Todt den 1. September des 1735ten Jahres abens um 8. Uhr verwechselt, den 5ten darauf bey hochansehnlicher Versammlung zu ihrer Ruhe-Städte auf den alter Kirch-Hoff gebracht worden, aus dem von der verstorbenen selbst erwehlten Leichen-Taxte Apoc. 7. v. 14, 15, 16, 17
Первые сведения об ответственности Vorgestellet von Eckhard Philipp Freyhold, Past. prim. bey der alten Kirche in der teutschen Slaboda vor Moscau
210 ## - ПУБЛИКАЦИЯ, РАСПРОСТРАНЕНИЕ И ДР.
Место издания, распространения и т.д. St. Petersburg [St.- Peterburg]
Имя издателя, распространителя и т. д. Gedruckt bey der Kayserl. Academie der Wissenschaften
Дата издания, распространения и т.д. [1735]
215 ## - ФИЗИЧЕСКАЯ ХАРАКТЕРИСТИКА
Специфическое обозначение материала и объем 43 с.
Размеры
321 1# - ПРИМЕЧАНИЯ ОБ ОТДЕЛЬНО ИЗДАННЫХ УКАЗАТЕЛЯХ / РЕФЕРАТАХ / ССЫЛКАХ, ОТРАЖАЮЩИХ КАТАЛОГИЗИРУЕМЫЙ ДОКУМЕНТ
Примечания об указателях, рефератах, ссылках СК XVIII(ин.) 1006
600 #1 - ИМЯ ЛИЦА КАК ПРЕДМЕТ
-- z01690
Начальный элемент ввода Schlippenbach
Часть имени, кроме начального элемента ввода A. von
Даты -1735
Расширение инициалов личного имени Anna von
620 ## - МЕСТО И ДАТА ПУБЛИКАЦИИ, ИСПОЛНЕНИЯ И Т. Д.
Город St.- Peterburg
690 #1 -
-- z01600
-- Wieburg
-- A. von
-- Anna von
700 #1 - ИМЯ ЛИЦА - ПЕРВИЧНАЯ ОТВЕТСТВЕННОСТЬ
Начальный элемент ввода Freyhold
Часть имени, кроме начального элемента ввода E.P.
Расширение инициалов личного имени Eckard Philipp
Код отношения Автор
712 02 - НАИМЕНОВАНИЕ ОРГАНИЗАЦИИ - ВТОРИЧНАЯ ОТВЕТСТВЕННОСТЬ
Начальный элемент ввода Akademie der Wissenschaften
Идентифицирующий признак Petersburg
Структурное подразделение Druckerei
Код отношения Печатник (типограф)
801 #0 - ИСТОЧНИК ЗАПИСИ
Страна российская федерация
Организация NLR
Дата составления 19970205
852 ## - МЕСТОНАХОЖДЕНИЕ И ШИФР ХРАНЕНИЯ
Идентификатор организации NLR
Наименование фонда или коллекции (Sub-Location Identifier) Rossica
Шифр хранения (Call Number) 13.21.2.15/3
942 ## - ДОПОЛНИТЕЛЬНЫЕ ЭЛЕМЕНТЫ ЗАПИСИ (АБИС)
Тип экземпляра АБИС Книга
980 ## - КОЛЛЕКЦИЯ
Название коллекции Национальная библиография
980 ## - КОЛЛЕКЦИЯ
Название коллекции Россика
980 ## - КОЛЛЕКЦИЯ
Название коллекции Книги XVIII века на западноевропейских языках, изданные в России
Экземпляры
Тип экземпляра Дата поступления Библиотека постоянного хранения Библиотека текущего хранения Место хранения Шифр хранения Штрих-код Статус не для выдачи
Книга 26.10.2013 РНБ (Садовая) РНБ (Садовая) Иностранный книжный фонд, главное здание (Садовая) Rossica 13.21.2.15/3 9858132-10